000 01048nam2a22002531 4500
001 RU\NLR\INFOCOMM16\1000061555
005 20250617053924.0
035 _a(NLR Aleph) 002492445
090 _a2521234
_c2521234
100 _a20040406d1998 |||y0rusy50 ca
101 0 _arus
102 _aRU
105 _ay |||||||||
200 1 _aСомнология
210 _d1998
_aБ. м.
300 _aТемат. вып.
461 0 _1001RU\NLR\INFOCOMM16\1000061538
_12001#$aКремлевская медицина. Клинический вестник$eЕжекварт. науч.-практ. журн.$vГ.6 1998, 5
_93046284
_cМ.
_d1995 -
_nМед. центр Упр. делами Президента Рос. Федерации
_oЕжекварт. науч.-практ. журн.
_tКремлевская медицина. Клинический вестник
_x1818-460X
_vГ.6 1998, 5
801 1 _aRU
_bInfoComm
_c20040406
801 0 _aRU
_bNLR
_gPSBO
852 _aNLR
_jП17/464
942 _cISSUE
980 _aNB
980 _aRUSPER